[Event "DEM U18 2012"]
[Site "Oberhof GER"]
[Date "2012.05.29"]
[Round "4"]
[White "Heyne, Lukas"]
[Black "Boes, Christoph"]
[Result "1-0"]
[Termination "normal"]
[Board "12"]
[WhiteElo "2050"]
[BlackElo "1927"]
[PlyCount "63"]
[WhiteFideId "24618080"]
[BlackFideId "1270004"]
[EventCountry "GER"]
[EventRounds "9"]
[EventType "swiss"]
[EventDate "2012.05.26"]

1. e4 c5 2. Nf3 d6 3. d4 cxd4 4. Nxd4 Nf6 5. Nc3 g6 6. Be3 Bg7 7. f3 Nc6 8. Qd2
O-O 9. Bc4 Bd7 10. h4 h5 11. O-O-O Rc8 12. Bb3 Ne5 13. g4 hxg4 14. h5 Nxh5 15.
Bh6 e6 16. Rdg1 Nd3+ 17. cxd3 Bxd4 18. Rxg4 Rc5 19. Be3 Bxe3 20. Qxe3 Kg7 21.
d4 Ra5 22. e5 Rh8 23. f4 Bc6 24. Rhg1 Qe7 25. Rg5 dxe5 26. fxe5 Qd7 27. Bd1 Kf8
28. Bxh5 gxh5 29. Rg8+ Rxg8 30. Qh6+ Ke7 31. Rxg8 Qc7 32. Qf8+ 1-0

[Event "DEM U18 2012"]
[Site "Oberhof GER"]
[Date "2012.05.29"]
[Round "4"]
[White "Hocke, Sebastian"]
[Black "Faldum, Manfred"]
[Result "1/2-1/2"]
[Termination "normal"]
[Board "14"]
[WhiteElo "1957"]
[BlackElo "1971"]
[PlyCount "56"]
[WhiteFideId "24678724"]
[BlackFideId "12921459"]
[EventCountry "GER"]
[EventRounds "9"]
[EventType "swiss"]
[EventDate "2012.05.26"]

1. e4 c5 2. Nf3 g6 3. d4 cxd4 4. Nxd4 Bg7 5. c4 Nc6 6. Be3 Nf6 7. Nc3 d6 8. Be2
O-O 9. O-O Nxd4 10. Bxd4 Nd7 11. Bxg7 Kxg7 12. Qd4+ Kg8 13. Rad1 a5 14. b3 b6
15. f4 Qc7 16. Nd5 Qd8 17. f5 Bb7 18. f6 Bxd5 19. fxe7 Qxe7 20. Qxd5 Rae8 21.
Bf3 Nc5 22. Qxd6 Qxd6 23. Rxd6 Nxe4 24. Bxe4 Rxe4 25. Rxb6 Re2 26. a3 Rd8 27.
Rbf6 Rb2 28. c5 Rdd2 1/2-1/2

[Event "DEM U18 2012"]
[Site "Oberhof GER"]
[Date "2012.05.29"]
[Round "5"]
[White "Friedrich, Wiede"]
[Black "Berchtenbreiter, Maximilian"]
[Result "1/2-1/2"]
[Termination "normal"]
[Board "1"]
[BlackTitle "FM"]
[WhiteElo "2251"]
[BlackElo "2332"]
[PlyCount "40"]
[WhiteFideId "24629537"]
[BlackFideId "24641120"]
[EventCountry "GER"]
[EventRounds "9"]
[EventType "swiss"]
[EventDate "2012.05.26"]

1. e4 e6 2. d4 d5 3. Nc3 Nf6 4. exd5 exd5 5. Bd3 Be7 6. Nge2 O-O 7. O-O c6 8.
Ng3 Re8 9. Re1 Bg4 10. f3 Be6 11. Nce2 Nbd7 12. f4 Bg4 13. h3 Bxe2 14. Rxe2 Qb6
15. c3 Bf8 16. Be3 Qc7 17. Qf1 Re6 18. Rae1 Bd6 19. Bc1 Rxe2 20. Rxe2 Re8
1/2-1/2

[Event "DEM U18 2012"]
[Site "Oberhof GER"]
[Date "2012.05.29"]
[Round "5"]
[White "Braun, Georg"]
[Black "Schreiner, Till"]
[Result "1/2-1/2"]
[Termination "normal"]
[Board "2"]
[WhiteElo "2187"]
[BlackElo "2219"]
[PlyCount "94"]
[WhiteFideId "24629383"]
[BlackFideId "24675555"]
[EventCountry "GER"]
[EventRounds "9"]
[EventType "swiss"]
[EventDate "2012.05.26"]

1. e4 c5 2. Nf3 d6 3. d4 cxd4 4. Nxd4 Nf6 5. Nc3 a6 6. Bc4 e6 7. a4 Be7 8. O-O
O-O 9. Be3 Nc6 10. Qe2 Qc7 11. Ba2 Bd7 12. Rad1 Rac8 13. Kh1 Nxd4 14. Bxd4 b5
15. axb5 axb5 16. e5 dxe5 17. Bxe5 Qb7 18. Bxf6 Bxf6 19. Ne4 Be7 20. Nd6 Bxd6
21. Rxd6 Bc6 22. f3 Rfd8 23. Qd2 Qc7 24. Rd1 Rxd6 25. Qxd6 Qxd6 26. Rxd6 Kf8
27. Kg1 Bxf3 28. gxf3 Rxc2 29. Rb6 Rxb2 30. Bc4 b4 31. Rb7 h5 32. h4 g6 33.
Rb8+ Kg7 34. Rb6 Kf6 35. Rb7 Rd2 36. Rxb4 Rd4 37. Kg2 Rxh4 38. Kg3 Rd4 39. Kf2
g5 40. Ra4 Rf4 41. Bb3 Rxa4 42. Bxa4 h4 43. Be8 Ke7 44. Bb5 f5 45. Kg2 Kf6 46.
Kh3 e5 47. Bd3 g4+ 1/2-1/2

[Event "DEM U18 2012"]
[Site "Oberhof GER"]
[Date "2012.05.29"]
[Round "5"]
[White "Mons, Leon"]
[Black "Cremer, Jan Paul"]
[Result "1-0"]
[Termination "normal"]
[Board "4"]
[WhiteTitle "FM"]
[WhiteElo "2345"]
[BlackElo "2089"]
[PlyCount "85"]
[WhiteFideId "4614950"]
[BlackFideId "24686115"]
[EventCountry "GER"]
[EventRounds "9"]
[EventType "swiss"]
[EventDate "2012.05.26"]

1. e4 c5 2. Nc3 e5 3. f4 d6 4. Bc4 Nc6 5. d3 Nf6 6. Nf3 Be7 7. a3 O-O 8. f5 a6
9. Nd5 Nd4 10. Nxd4 cxd4 11. Nxe7+ Qxe7 12. Bg5 h6 13. h4 Rd8 14. Bxf6 Qxf6 15.
Qh5 d5 16. Bxd5 Bxf5 17. Rf1 Bg6 18. Qg4 h5 19. Rxf6 hxg4 20. Rb6 Rab8 21. a4
Kf8 22. Rxb7 Rxb7 23. Bxb7 a5 24. Ra3 g3 25. Ke2 Bh5+ 26. Kd2 Rd6 27. Ra1 Rb6
28. Bd5 Rf6 29. b4 Rf2+ 30. Kc1 Rxg2 31. Kb2 Be2 32. Kb3 Rf2 33. bxa5 g5 34. a6
Rf6 35. hxg5 Rb6+ 36. Ka3 Rxa6 37. Rg1 Ke7 38. Rxg3 Bd1 39. Bb3 Bh5 40. Rh3 Bg4
41. Rh7 Be6 42. Bxe6 Rxe6 43. Rh6 1-0

[Event "DEM U18 2012"]
[Site "Oberhof GER"]
[Date "2012.05.29"]
[Round "5"]
[White "Frischmann, Rick"]
[Black "Mertens, Fridolin"]
[Result "1-0"]
[Termination "normal"]
[Board "5"]
[WhiteElo "2144"]
[BlackElo "2038"]
[PlyCount "71"]
[WhiteFideId "24660752"]
[BlackFideId "24671940"]
[EventCountry "GER"]
[EventRounds "9"]
[EventType "swiss"]
[EventDate "2012.05.26"]

1. d4 Nf6 2. c4 e6 3. g3 d5 4. Nf3 c6 5. Bg2 dxc4 6. Ne5 b5 7. Nxc6 Qb6 8. Ne5
Bb7 9. Bxb7 Qxb7 10. O-O Be7 11. a4 a6 12. Nc3 Nd5 13. Bd2 O-O 14. axb5 Nxc3
15. bxc3 axb5 16. Rxa8 Qxa8 17. Qb1 Qa4 18. Qb2 Ba3 19. Qa2 f6 20. Nxc4 Qxc4
21. Qxa3 Qxe2 22. Bf4 Nc6 23. Qd6 e5 24. Qe6+ Kh8 25. Qxc6 exf4 26. Qd6 Rc8 27.
Qxf4 Qc4 28. Rb1 Kg8 29. Qf5 Rd8 30. Rxb5 Qxc3 31. Qe6+ Kh8 32. Qe4 h6 33. Rd5
Rc8 34. Rd7 Qc1+ 35. Kg2 Qc6 36. Rd8+ 1-0

[Event "DEM U18 2012"]
[Site "Oberhof GER"]
[Date "2012.05.29"]
[Round "5"]
[White "Bräuer, Franz"]
[Black "Löwe, Lennard"]
[Result "0-1"]
[Termination "normal"]
[Board "7"]
[WhiteElo "2226"]
[BlackElo "2086"]
[PlyCount "86"]
[WhiteFideId "24634468"]
[BlackFideId "24653268"]
[EventCountry "GER"]
[EventRounds "9"]
[EventType "swiss"]
[EventDate "2012.05.26"]

1. e4 c5 2. Nf3 e6 3. d4 cxd4 4. Nxd4 a6 5. Bd3 Bc5 6. Nb3 Be7 7. Qg4 g6 8. Qe2
d6 9. c4 Nd7 10. Nc3 b6 11. O-O Bb7 12. Be3 Ngf6 13. f4 h5 14. h3 h4 15. Rac1
Nh5 16. Qf2 Ng3 17. Rfd1 Qc7 18. Bb1 Rg8 19. Nd2 Bf6 20. e5 dxe5 21. Nde4 Nxe4
22. Nxe4 Bxe4 23. Bxe4 Rd8 24. fxe5 Bxe5 25. Qxh4 f5 26. Bf3 Kf7 27. Qf2 Nc5
28. Qe2 a5 29. Rc2 Rxd1+ 30. Qxd1 Bf4 31. Rc3 Rd8 32. Qe2 Qe5 33. Bxf4 Qxf4 34.
Re3 Qd4 35. Kh1 Qd2 36. Kh2 Qc1 37. Bd5 Kg7 38. Rf3 Kf6 39. Rf1 Qg5 40. Re1
Qf4+ 41. Kh1 Rd7 42. Qf3 Qd2 43. Rd1 Qc2 0-1

[Event "DEM U18 2012"]
[Site "Oberhof GER"]
[Date "2012.05.29"]
[Round "5"]
[White "Miller, Eduard"]
[Black "Wenninger, Philipp"]
[Result "1-0"]
[Termination "normal"]
[Board "8"]
[WhiteElo "2156"]
[BlackElo "2205"]
[PlyCount "145"]
[WhiteFideId "24687022"]
[BlackFideId "4648404"]
[EventCountry "GER"]
[EventRounds "9"]
[EventType "swiss"]
[EventDate "2012.05.26"]

1. d4 Nf6 2. c4 c5 3. d5 b5 4. Nf3 g6 5. Qc2 d6 6. e4 bxc4 7. Bxc4 Bg7 8. O-O
O-O 9. Nc3 Nbd7 10. h3 Nb6 11. Be2 e5 12. Nd2 Ne8 13. a4 f5 14. a5 Nd7 15. exf5
gxf5 16. f4 e4 17. Nc4 Ba6 18. Ne3 Nc7 19. Kh2 Qe7 20. Ra4 Bd4 21. Bc4 Bxc4 22.
Rxc4 Rf7 23. Qd1 Rb8 24. Nxf5 Rxf5 25. Qg4+ Kh8 26. Qxf5 Nf6 27. g4 e3 28. Re1
Rf8 29. Kg2 Nxg4 30. Qxg4 Rg8 31. Bxe3 Rxg4+ 32. hxg4 Qh4 33. Bxd4+ cxd4 34.
Re4 Qxg4+ 35. Kf2 Qh4+ 36. Ke2 Qg4+ 37. Kd3 dxc3 38. Rxc7 Qd1+ 39. Kc4 Qa4+ 40.
b4 c2 41. Re1 a6 42. Kc3 c1=Q+ 43. Rxc1 Qa3+ 44. Kd2 Qxb4+ 45. Ke3 Qxa5 46. Ke4
Qd2 47. R1c2 Qd1 48. R2c4 Qh1+ 49. Kf5 Qh5+ 50. Ke6 Qg6+ 51. Kd7 h5 52. Kc6 h4
53. f5 Qxf5 54. Rxh4+ Kg8 55. Rb4 Qc2+ 56. Kxd6 Qh2+ 57. Kc6 Qc2+ 58. Kb6 Qf2+
59. Kb7 Qg2 60. Ka7 Qf2+ 61. Rb6 Kf8 62. d6 Ke8 63. Kxa6 Qa2+ 64. Kb7 Kd8 65.
Kb8 Qa4 66. Rbb7 Qg4 67. Rh7 Qc8+ 68. Ka7 Qc5+ 69. Ka8 Qa3+ 70. Ra7 Qf3+ 71.
Kb8 Qb3+ 72. Rab7 Qc3 73. Rbd7+ 1-0

[Event "DEM U18 2012"]
[Site "Oberhof GER"]
[Date "2012.05.29"]
[Round "5"]
[White "Hahn, Markus"]
[Black "Kramer, Julian"]
[Result "1/2-1/2"]
[Termination "normal"]
[Board "9"]
[WhiteElo "2148"]
[BlackElo "2052"]
[PlyCount "69"]
[WhiteFideId "24654647"]
[BlackFideId "12921742"]
[EventCountry "GER"]
[EventRounds "9"]
[EventType "swiss"]
[EventDate "2012.05.26"]

1. d4 d5 2. c4 c6 3. Nf3 Nf6 4. e3 e6 5. b3 Bd6 6. Bb2 O-O 7. Bd3 Nbd7 8. Nbd2
dxc4 9. Nxc4 Bb4+ 10. Ncd2 Nc5 11. Bc2 Nce4 12. O-O Nxd2 13. Nxd2 b6 14. Nf3
Ba6 15. Bd3 Bxd3 16. Qxd3 Be7 17. Ne5 Qd5 18. Rac1 Rac8 19. Rfd1 Bd6 20. Qe2
Rfd8 21. f3 Be7 22. Kf2 Nd7 23. Qc2 Nxe5 24. dxe5 Qc5 25. Qxc5 Bxc5 26. Ke2 Kf8
27. Rxd8+ Rxd8 28. Bd4 Bxd4 29. exd4 Rc8 30. g4 Ke7 31. Ke3 h6 32. Ke4 Kd7 33.
h4 g6 34. f4 Rh8 35. Rc2 1/2-1/2

[Event "DEM U18 2012"]
[Site "Oberhof GER"]
[Date "2012.05.29"]
[Round "5"]
[White "Brodmann, Anton"]
[Black "Heyne, Lukas"]
[Result "0-1"]
[Termination "normal"]
[Board "10"]
[WhiteElo "1937"]
[BlackElo "2050"]
[PlyCount "58"]
[WhiteFideId "24655481"]
[BlackFideId "24618080"]
[EventCountry "GER"]
[EventRounds "9"]
[EventType "swiss"]
[EventDate "2012.05.26"]

1. e4 e5 2. Nf3 Nc6 3. Bc4 Bc5 4. c3 d6 5. Bb3 Nf6 6. d3 O-O 7. Bg5 Be6 8. Nbd2
Qe7 9. Bc2 a5 10. Nf1 h6 11. Bh4 Bg4 12. h3 Bh5 13. g4 Bg6 14. Ng3 Rad8 15. Qe2
b5 16. g5 hxg5 17. Bxg5 a4 18. Nh4 Qe6 19. Nhf5 d5 20. h4 Ne7 21. Nxe7+ Bxe7
22. O-O-O dxe4 23. Nxe4 Bxe4 24. dxe4 Qxa2 25. Bxf6 Bxf6 26. Rxd8 Rxd8 27. f4
Qa1+ 28. Bb1 a3 29. bxa3 Qxa3+ 0-1

[Event "DEM U18 2012"]
[Site "Oberhof GER"]
[Date "2012.05.29"]
[Round "5"]
[White "Riederer, Martin"]
[Black "Karthäuser, Johannes"]
[Result "1/2-1/2"]
[Termination "normal"]
[Board "11"]
[WhiteElo "1912"]
[BlackElo "1954"]
[PlyCount "143"]
[WhiteFideId "12903140"]
[EventCountry "GER"]
[EventRounds "9"]
[EventType "swiss"]
[EventDate "2012.05.26"]

1. d4 Nf6 2. c4 g6 3. Nc3 Bg7 4. e4 d6 5. Nf3 O-O 6. Be2 e5 7. dxe5 dxe5 8.
Qxd8 Rxd8 9. Bg5 Re8 10. O-O-O h6 11. Be3 c6 12. Ne1 Ng4 13. Bxg4 Bxg4 14. f3
Be6 15. b3 Nd7 16. Nd3 Bf8 17. Kb2 f5 18. exf5 Bxf5 19. g4 Bxd3 20. Rxd3 Nc5
21. Rd2 Kf7 22. Rhd1 b6 23. Kc2 Ne6 24. Ne4 Rad8 25. Rd7+ Rxd7 26. Rxd7+ Re7
27. Rd2 Rc7 28. Kb2 Bg7 29. a3 Nd4 30. Bxd4 exd4 31. Kc2 Ke6 32. Kd3 Be5 33.
Rf2 g5 34. Ng3 Bxg3 35. hxg3 c5 36. Rh2 Rh7 37. f4 gxf4 38. gxf4 Kf6 39. b4 Kg6
40. Rh5 Rf7 41. bxc5 bxc5 42. Rxc5 Rxf4 43. Rd5 Rxg4 44. c5 Kf7 45. Rf5+ Ke6
46. Rh5 Kd7 47. Rxh6 Rg3+ 48. Kxd4 Rxa3 49. Kd5 Rd3+ 50. Kc4 Rg3 51. Ra6 Rg1
52. Rxa7+ Kc6 53. Ra6+ Kc7 54. Ra3 Rg4+ 55. Kb5 Rg6 56. Ra7+ Kc8 57. Rh7 Rf6
58. Rg7 Rh6 59. Rf7 Rg6 60. Rf4 Rh6 61. Rf5 Rg6 62. Rd5 Rh6 63. c6 Rh1 64. Kc5
Rc1+ 65. Kd6 Rh1 66. Re5 Rd1+ 67. Rd5 Rxd5+ 68. Kxd5 Kc7 69. Kc5 Kc8 70. Kd6
Kd8 71. c7+ Kc8 72. Kc6 1/2-1/2

[Event "DEM U18 2012"]
[Site "Oberhof GER"]
[Date "2012.05.29"]
[Round "5"]
[White "Weber, Max"]
[Black "Faldum, Manfred"]
[Result "1-0"]
[Termination "normal"]
[Board "12"]
[WhiteElo "2062"]
[BlackElo "1971"]
[PlyCount "161"]
[WhiteFideId "4624831"]
[BlackFideId "12921459"]
[EventCountry "GER"]
[EventRounds "9"]
[EventType "swiss"]
[EventDate "2012.05.26"]

1. d4 Nf6 2. c4 g6 3. g3 Bg7 4. Bg2 O-O 5. Nf3 d6 6. O-O Nc6 7. Nc3 a6 8. Qd3
Nd7 9. e4 e5 10. Bg5 f6 11. Be3 exd4 12. Nxd4 Nde5 13. Qe2 Nxd4 14. Bxd4 c6 15.
Rfd1 Qe7 16. h3 Be6 17. b3 b5 18. cxb5 axb5 19. f4 Nd7 20. Rac1 Rac8 21. Qd2
Rfd8 22. Ne2 c5 23. Ba1 Nb8 24. Nc3 b4 25. Nd5 Bxd5 26. Qxd5+ Kh8 27. h4 Na6
28. Qc4 Nc7 29. Rc2 Rb8 30. Rcd2 Na8 31. Qd5 Nb6 32. Qc6 Nc8 33. Kh2 Qf7 34.
Qd5 Qe7 35. e5 Rb6 36. Qxc5 fxe5 37. Qe3 exf4 38. Bxg7+ Qxg7 39. Qxf4 Rf8 40.
Qc4 Ne7 41. Rxd6 Rxd6 42. Rxd6 Qc3 43. Rd3 Qxc4 44. bxc4 Rf2 45. Rb3 Rxa2 46.
Rxb4 Rc2 47. Kh3 Nf5 48. Be4 Rc3 49. Bxf5 gxf5 50. Kg2 Kg7 51. Rb7+ Kg6 52. Rc7
Kh6 53. c5 Kg6 54. c6 Kh6 55. Rc8 Kh5 56. c7 Kh6 57. Kf2 Kh5 58. Ke2 Kh6 59.
Kd2 Rc6 60. Kd3 Rc5 61. Kd4 Rc1 62. Ke5 Re1+ 63. Kf6 Rc1 64. Kxf5 Rf1+ 65. Kg4
Rc1 66. Kh3 Rc3 67. Kg4 Rc5 68. Kf4 Rc4+ 69. Ke5 Rc1 70. g4 Re1+ 71. Kf6 Rf1+
72. Ke7 Re1+ 73. Kf8 Rf1+ 74. Kg8 Rc1 75. g5+ Kg6 76. Kh8 Kh5 77. Kxh7 Kxh4 78.
g6 Kg5 79. g7 Rh1+ 80. Kg8 Rc1 81. Kf7 1-0

[Event "DEM U18 2012"]
[Site "Oberhof GER"]
[Date "2012.05.29"]
[Round "5"]
[White "Dünzel, Jonas"]
[Black "Budszuhn, Timo"]
[Result "0-1"]
[Termination "normal"]
[Board "14"]
[WhiteElo "2055"]
[BlackElo "1964"]
[PlyCount "124"]
[WhiteFideId "24631167"]
[BlackFideId "1270607"]
[EventCountry "GER"]
[EventRounds "9"]
[EventType "swiss"]
[EventDate "2012.05.26"]

1. e4 e5 2. Nf3 Nc6 3. Bb5 a6 4. Ba4 Nf6 5. O-O Be7 6. d3 b5 7. Bb3 d6 8. c3
Na5 9. Bc2 c5 10. Nbd2 O-O 11. Re1 Re8 12. Nf1 Bf8 13. Ng3 g6 14. d4 Qc7 15. b3
Bd7 16. d5 Nb7 17. Bg5 Bg7 18. Qd2 Rec8 19. h4 a5 20. c4 a4 21. h5 Na5 22. hxg6
hxg6 23. Qd3 Rcb8 24. Reb1 Ra7 25. Nh2 axb3 26. axb3 b4 27. Ra2 Rba8 28. Rba1
Qb6 29. Bb1 Nb7 30. Rxa7 Rxa7 31. Rxa7 Qxa7 32. Qc2 Nh7 33. Be3 Qa1 34. Qa2
Qxa2 35. Bxa2 f5 36. exf5 gxf5 37. f4 Bh6 38. Ne2 Nf6 39. Bb1 Ng4 40. Nf1 Kf7
41. Bd2 e4 42. Ne3 Nxe3 43. Bxe3 Bg7 44. g4 Na5 45. Bc2 fxg4 46. Ng3 Ke7 47.
Kf2 Bf6 48. Ke2 Bh4 49. Bf2 Bxg3 50. Bxg3 Bf5 51. Ke3 Kf6 52. Bd1 Nb7 53. Bc2
Kg6 54. Be1 Nd8 55. Bh4 Nf7 56. Bxe4 Bxe4 57. Kxe4 Nh6 58. Bf2 Nf5 59. Bg1 Kf6
60. Bf2 g3 61. Bg1 Nd4 62. f5 Nxb3 0-1

[Event "DEM U18 2012"]
[Site "Oberhof GER"]
[Date "2012.05.30"]
[Round "6"]
[White "Berchtenbreiter, Maximilian"]
[Black "Mons, Leon"]
[Result "1-0"]
[Termination "normal"]
[Board "1"]
[WhiteTitle "FM"]
[BlackTitle "FM"]
[WhiteElo "2332"]
[BlackElo "2345"]
[PlyCount "131"]
[WhiteFideId "24641120"]
[BlackFideId "4614950"]
[EventCountry "GER"]
[EventRounds "9"]
[EventType "swiss"]
[EventDate "2012.05.26"]

1. b3 e5 2. Bb2 Nc6 3. c4 Nf6 4. e3 d5 5. cxd5 Nxd5 6. a3 Bd6 7. Qc2 O-O 8. d3
Qe7 9. Nd2 f5 10. Ngf3 Bd7 11. Be2 Rae8 12. O-O Kh8 13. Nc4 b5 14. Nxd6 cxd6
15. Rfe1 Rc8 16. Qd2 Qd8 17. Rac1 Be6 18. Rc2 Nb6 19. Rec1 Qd7 20. Rc3 Nd5 21.
R3c2 Nb6 22. Rc3 Ne7 23. Bd1 Rxc3 24. Rxc3 a5 25. Rc1 a4 26. bxa4 Nxa4 27. Ba1
Rc8 28. Ng5 Bd5 29. e4 fxe4 30. dxe4 Rxc1 31. Qxc1 Bg8 32. Be2 h6 33. Nf3 Nc5
34. Nxe5 Qe6 35. Bg4 Nb3 36. Bxe6 Nxc1 37. Bxg8 Kxg8 38. Bb2 Nb3 39. Ng4 d5 40.
exd5 Nxd5 41. Ne3 Nxe3 42. fxe3 Nd2 43. Kf2 Nc4 44. Bc1 Ne5 45. Bd2 Kf7 46. h3
g5 47. Bc3 Nc4 48. Bb4 Kf6 49. Kf3 Ke5 50. g4 Kd5 51. Bf8 Ke5 52. Bxh6 Nxa3 53.
Bxg5 b4 54. Be7 Nc2 55. g5 b3 56. Bf6+ Kf5 57. e4+ Kg6 58. h4 Ne1+ 59. Kg4 Nd3
60. h5+ Kf7 61. Kf5 b2 62. g6+ Kf8 63. Bxb2 Nxb2 64. Kf6 Nd3 65. h6 Kg8 66. g7
1-0

[Event "DEM U18 2012"]
[Site "Oberhof GER"]
[Date "2012.05.30"]
[Round "6"]
[White "Schreiner, Till"]
[Black "Friedrich, Wiede"]
[Result "1-0"]
[Termination "normal"]
[Board "2"]
[WhiteElo "2219"]
[BlackElo "2251"]
[PlyCount "41"]
[WhiteFideId "24675555"]
[BlackFideId "24629537"]
[EventCountry "GER"]
[EventRounds "9"]
[EventType "swiss"]
[EventDate "2012.05.26"]

1. d4 d5 2. c4 c6 3. Nc3 Nf6 4. Nf3 e6 5. Bg5 h6 6. Bh4 Nbd7 7. e3 Be7 8. Qc2
O-O 9. Rd1 Qa5 10. cxd5 cxd5 11. Bd3 a6 12. O-O b5 13. Ne5 Bd6 14. e4 Nxe5 15.
Bxf6 Nxd3 16. Rxd3 gxf6 17. e5 Bxe5 18. dxe5 Qb4 19. Qd2 fxe5 20. Qxh6 f5 21.
Qg6+ 1-0

[Event "DEM U18 2012"]
[Site "Oberhof GER"]
[Date "2012.05.30"]
[Round "6"]
[White "Klek, Hanna Marie"]
[Black "Braun, Georg"]
[Result "1/2-1/2"]
[Termination "normal"]
[Board "3"]
[WhiteElo "2220"]
[BlackElo "2187"]
[PlyCount "52"]
[WhiteFideId "24670057"]
[BlackFideId "24629383"]
[EventCountry "GER"]
[EventRounds "9"]
[EventType "swiss"]
[EventDate "2012.05.26"]

1. d4 Nf6 2. c4 c5 3. d5 b5 4. Qc2 bxc4 5. e4 d6 6. Bxc4 g6 7. Nf3 Bg7 8. O-O
O-O 9. Re1 Ba6 10. Na3 Nfd7 11. Bf4 Nb6 12. e5 dxe5 13. Bxe5 Bxc4 14. Bxg7 Kxg7
15. Nxc4 Nxd5 16. Ne3 Nxe3 17. Qc3+ Kg8 18. Qxe3 Qb6 19. Qxe7 Nc6 20. Qh4 Qxb2
21. Ng5 Qg7 22. Ne4 Rac8 23. Rac1 Nd4 24. Rxc5 Nf5 25. Qh3 Rxc5 26. Nxc5 Qd4
1/2-1/2

[Event "DEM U18 2012"]
[Site "Oberhof GER"]
[Date "2012.05.30"]
[Round "6"]
[White "Frischmann, Rick"]
[Black "Zimmermann, Ulrich"]
[Result "0-1"]
[Termination "normal"]
[Board "4"]
[WhiteElo "2144"]
[BlackElo "2207"]
[PlyCount "112"]
[WhiteFideId "24660752"]
[BlackFideId "24654523"]
[EventCountry "GER"]
[EventRounds "9"]
[EventType "swiss"]
[EventDate "2012.05.26"]

1. e4 e5 2. f4 exf4 3. Bc4 Nf6 4. Nc3 c6 5. Bb3 d5 6. exd5 cxd5 7. Nf3 Bb4 8.
O-O O-O 9. d4 Bxc3 10. bxc3 Qc7 11. Ne5 Qxc3 12. Ba3 Re8 13. Rf3 Qa5 14. Bc1
Bg4 15. Bxf4 Bxf3 16. Qxf3 Nc6 17. Rd1 Rad8 18. c3 Nxe5 19. dxe5 Ne4 20. Rd3
Qb6+ 21. Be3 Qc6 22. Bd4 Nc5 23. Re3 Nxb3 24. axb3 Re6 25. h3 a5 26. Qf5 b5 27.
Rg3 Ra8 28. Rf3 Qb7 29. Kh2 a4 30. bxa4 bxa4 31. Bc5 a3 32. c4 a2 33. cxd5 g6
34. Qf4 a1=Q 35. dxe6 fxe6 36. Qf6 Qa2 37. Be7 Qxf3 38. Qxf3 Qd5 39. Qf6 Re8
40. Bd6 Qb7 41. Qf4 Qf7 42. Qd4 Rc8 43. Bb4 Qb7 44. Qf4 Qf7 45. Qd4 Kg7 46. Bd2
h6 47. Ba5 Rf8 48. Bd2 Qf5 49. Qd7+ Rf7 50. Qd4 g5 51. Be3 Qc2 52. Bd2 Qc6 53.
Bc3 Rd7 54. Qe3 Qc4 55. Be1 Qf4+ 56. Qxf4 gxf4 0-1

[Event "DEM U18 2012"]
[Site "Oberhof GER"]
[Date "2012.05.30"]
[Round "6"]
[White "Becker, Matthias"]
[Black "Miller, Eduard"]
[Result "0-1"]
[Termination "normal"]
[Board "5"]
[WhiteElo "2007"]
[BlackElo "2156"]
[PlyCount "90"]
[WhiteFideId "12915564"]
[BlackFideId "24687022"]
[EventCountry "GER"]
[EventRounds "9"]
[EventType "swiss"]
[EventDate "2012.05.26"]

1. e4 c5 2. Nf3 g6 3. d4 cxd4 4. Nxd4 Nf6 5. Nc3 d6 6. Be3 Bg7 7. f3 a6 8. Qd2
Nbd7 9. Bh6 Bxh6 10. Qxh6 b5 11. O-O-O Bb7 12. Kb1 Rc8 13. h4 b4 14. Nd5 Nxd5
15. exd5 Bxd5 16. h5 Nf6 17. hxg6 fxg6 18. Bd3 Kf7 19. Be4 Bxe4 20. fxe4 Rc5
21. e5 Rxe5 22. Nc6 Qc8 23. Nxe5+ dxe5 24. Rhf1 Qg4 25. Qe3 Qxg2 26. Qxe5 Qc6
27. Rde1 Qd7 28. Re4 Rd8 29. b3 Qd6 30. Qxd6 Rxd6 31. Rxb4 g5 32. a4 Kg6 33.
Rb7 g4 34. Rxe7 h5 35. b4 h4 36. b5 axb5 37. axb5 g3 38. Re3 Nd5 39. Rd3 Rf6
40. Rxf6+ Kxf6 41. Kb2 g2 42. Rxd5 g1=Q 43. c4 h3 44. Kb3 h2 45. Kb4 h1=Q 0-1

[Event "DEM U18 2012"]
[Site "Oberhof GER"]
[Date "2012.05.30"]
[Round "6"]
[White "Zuferi, Enis"]
[Black "Löwe, Lennard"]
[Result "0-1"]
[Termination "normal"]
[Board "6"]
[WhiteElo "2045"]
[BlackElo "2086"]
[PlyCount "68"]
[WhiteFideId "24692530"]
[BlackFideId "24653268"]
[EventCountry "GER"]
[EventRounds "9"]
[EventType "swiss"]
[EventDate "2012.05.26"]

1. c4 Nf6 2. g3 e5 3. Bg2 h6 4. Nc3 Bb4 5. a3 Bxc3 6. bxc3 O-O 7. e4 d6 8. Ne2
Be6 9. d3 c6 10. O-O d5 11. cxd5 cxd5 12. f4 Qb6+ 13. Kh1 exf4 14. e5 Ng4 15.
Nxf4 Nf2+ 16. Rxf2 Qxf2 17. d4 Nc6 18. Rb1 Bg4 19. Qd2 Qxd2 20. Bxd2 Bf5 21.
Rf1 Be4 22. Nxd5 Bxg2+ 23. Kxg2 Rfd8 24. Nc7 Rac8 25. Nb5 Nxe5 26. Nxa7 Ra8 27.
Nb5 Nc4 28. Bc1 Ra5 29. Rf5 b6 30. a4 Rxa4 31. Nc7 Ra1 32. Rf1 Rd7 33. Ne8 Re7
34. Nxg7 Ra2+ 0-1

[Event "DEM U18 2012"]
[Site "Oberhof GER"]
[Date "2012.05.30"]
[Round "6"]
[White "Kramer, Julian"]
[Black "Mertens, Fridolin"]
[Result "1-0"]
[Termination "normal"]
[Board "8"]
[WhiteElo "2052"]
[BlackElo "2038"]
[PlyCount "43"]
[WhiteFideId "12921742"]
[BlackFideId "24671940"]
[EventCountry "GER"]
[EventRounds "9"]
[EventType "swiss"]
[EventDate "2012.05.26"]

1. e4 c5 2. Nf3 d6 3. d4 cxd4 4. Nxd4 Nf6 5. Nc3 a6 6. Be3 e6 7. f4 h5 8. Qf3
Qc7 9. O-O-O Nbd7 10. Qg3 b5 11. a3 Bb7 12. Bd3 Rc8 13. Rhe1 d5 14. e5 Ne4 15.
Bxe4 dxe4 16. Nxe6 fxe6 17. Qg6+ Ke7 18. Rd6 Nf6 19. f5 Bd5 20. Nxd5+ exd5 21.
Re6+ Kd8 22. Bb6 1-0

[Event "DEM U18 2012"]
[Site "Oberhof GER"]
[Date "2012.05.30"]
[Round "6"]
[White "Hocke, Sebastian"]
[Black "Riederer, Martin"]
[Result "0-1"]
[Termination "normal"]
[Board "11"]
[WhiteElo "1957"]
[BlackElo "1912"]
[PlyCount "46"]
[WhiteFideId "24678724"]
[BlackFideId "12903140"]
[EventCountry "GER"]
[EventRounds "9"]
[EventType "swiss"]
[EventDate "2012.05.26"]

1. e4 e6 2. d4 d5 3. Nc3 Nf6 4. e5 Nfd7 5. f4 c5 6. Nf3 Nc6 7. Be3 Be7 8. Qd2
O-O 9. Be2 a6 10. O-O b5 11. a3 Bb7 12. g4 f6 13. Nd1 fxe5 14. fxe5 Rxf3 15.
Bxf3 cxd4 16. Bf4 Ndxe5 17. Bxe5 Nxe5 18. Qxd4 Qc7 19. Qd2 Bc5+ 20. Kg2 Nxf3
21. Rxf3 d4 22. Nf2 Qc6 23. Qe2 Rf8 0-1

[Event "DEM U18 2012"]
[Site "Oberhof GER"]
[Date "2012.05.30"]
[Round "6"]
[White "Dünzel, Jonas"]
[Black "Boes, Christoph"]
[Result "0-1"]
[Termination "normal"]
[Board "12"]
[WhiteElo "2055"]
[BlackElo "1927"]
[PlyCount "64"]
[WhiteFideId "24631167"]
[BlackFideId "1270004"]
[EventCountry "GER"]
[EventRounds "9"]
[EventType "swiss"]
[EventDate "2012.05.26"]

1. d4 Nf6 2. c4 g6 3. Nc3 Bg7 4. e4 d6 5. Nf3 O-O 6. Bg5 h6 7. Bh4 c5 8. dxc5
g5 9. Bg3 Qa5 10. Bd3 Qxc5 11. O-O Be6 12. Nd2 a6 13. Nd5 Bxd5 14. exd5 Nbd7
15. Re1 Rfe8 16. h4 b5 17. hxg5 hxg5 18. b3 Rab8 19. Rc1 bxc4 20. bxc4 Rb2 21.
Nf3 Nh5 22. Nxg5 Nxg3 23. Qf3 Rxf2 24. Bh7+ Kh8 25. Nxf7+ Kxh7 26. Qd3+ Kg8 27.
Nh6+ Bxh6 28. Qxg3+ Bg7 29. Kh1 Kf7 30. Re4 Rh8+ 31. Rh4 Rxh4+ 32. Qxh4 Rf6 0-1